000 00884nas a2200277 4500
001 BR2013006181
003 BR-BrBNA
005 20231205122739.0
007 ta
008 230509b bl.|||p| |||| 00| 00por d
040 _aBR-BrBNA
_bpor
_cBiblioteca Nacional de Agricultura
041 _a(Pt)
072 _aP34
100 1 _aVampré, T.M.
100 1 _aFuccillo, R.
100 1 _aAndréa, M.M. de
245 1 _aOligoqueta Eisenia andrei como bioindicador de contaminação de solo por hexaclorobenzeno
650 _aSOLO
650 _aCONTAMINAÇÃO
650 _aMINHOCA
650 _aBIOLOGIA DO SOLO
773 0 _tRevista Brasileira de Ciência do Solo (Brazil)
_xISSN 0100-0683
_g(Jan-Feb 2010), v. 34(1) p. 59-66
_wBR2013006181
856 4 0 _uhttp://www.scielo.br/pdf/rbcs/v34n1/a06v34n1.pdf
909 _a202311
_bLúcia
_c55
_dLúcia Elande
942 _2AGRIS
_n0
_cANA
999 _c230329
_d230329